000 01357cam a22003134a 4500
999 _c23946
_d23946
001 13591934
005 20170127122436.0
008 040513s2005 caua j 000 0 eng
010 _a 2004011331
020 _a1587172666 (library binding)
020 _a1587172593 (pbk.)
040 _aDLC
_cDLC
_dDLC
042 _apcc
050 0 0 _aNA6230
_b.S44 2005
100 1 _aSimon, Seymour.
245 1 0 _aSkyscrapers / Seymour Simon.
260 _aSan Francisco :
_bSeaStar Books,
_cc2005.
300 _a1 v. (unpaged) :
_bcol. ill. ;
_c24 cm.
490 1 _aSeeMore readers
650 0 _aSkyscrapers
_vJuvenile literature.
650 0 _aArchitecture, Modern
_y20th century
_vJuvenile literature.
800 1 _aSimon, Seymour.
_tSeeMore readers.
906 _a7
_bcbc
_corignew
_d1
_eecip
_f20
_gy-gencatlg
942 _2lcc
_cBOOKS
_hNA 6230 .S44 2005